00322 a2200109 4500001001000000005001700010008004100027245004600068100002100114773006000135999001700195ART_4186420260410162023.0260409a 10aLa reforma del Consejo de la Magistratura1 aBadeni, Gregorio0 tJurisprudencia Argentinag- NÂș 1 (abr. 2006)wREV41622 c33342d33342